[Event "Nichelino op 5th"]
[Site "Nichelino"]
[Date "2004.10.09"]
[Round "3"]
[White "Ferretti, Rolando"]
[Black "Gaggino, Davide"]
[Result "0-1"]
[WhiteElo "1724"]
[BlackElo "1889"]
[PlyCount "96"]
[EventDate "2004.10.07"]
[EventType "swiss"]
[EventRounds "6"]
[EventCountry "ITA"]
[SourceTitle "EXT 2009"]
[Source "ChessBase"]
[SourceDate "2008.11.26"]
[SourceVersion "1"]
[SourceVersionDate "2008.11.26"]
[SourceQuality "1"]

1. c4 Nf6 2. d4 g6 3. Nf3 Bg7 4. Nc3 0-0 5. e4 d6 6. Be2 e5 7. d5 a5 8. 0-0 Na6 9. Nd2 Nc5 10. f3 Nh5 11. Nb3 Na6 12. a3 b6 13. Be3 Nf4 14. Nc1 Qg5 15. Bxf4 exf4 16. Nd3 Bh3 17. Ne1 h5 18. Kh1 Bd7 19. Nd3 Nc5 20. Nxc5 bxc5 21. Qd2 h4 22. Bd3 Bd4 23. Ne2 Be3 24. Qd1 a4 25. Rb1 Rfb8 26. Bc2 Qf6 27. Nc3 Bd4 28. Qd2 g5 29. Qd3 Qe5 30. Rfd1 Kg7 31. h3 Rh8 32. Rd2 Qe8 33. b4 axb3 34. Rxb3 Qc8 35. Nb5 Be3 36. Re2 Bxh3 37. Rxe3 fxe3 38. Qxe3 f6 39. f4 Bxg2+ 40. Kxg2 Qg4+ 41. Kh2 h3 42. Qf3 Rh4 43. Qxg4 Rxg4 44. Kxh3 Rxf4 45. Nxc7 Rh8+ 46. Kg3 Rfh4 47. Ne6+ Kg6 48. Bb1 Rh3+ 0-1

[Event "Nichelino op 5th"]
[Site "Nichelino"]
[Date "2004.10.07"]
[Round "1"]
[White "Ferretti, Rolando"]
[Black "Malano, Francesco"]
[Result "1/2-1/2"]
[WhiteElo "1724"]
[BlackElo "2060"]
[PlyCount "94"]
[EventDate "2004.10.07"]
[EventType "swiss"]
[EventRounds "6"]
[EventCountry "ITA"]
[SourceTitle "EXT 2009"]
[Source "ChessBase"]
[SourceDate "2008.11.26"]
[SourceVersion "1"]
[SourceVersionDate "2008.11.26"]
[SourceQuality "1"]

1. c4 e5 2. Nc3 d6 3. Nf3 f5 4. d3 Nf6 5. e4 Be7 6. Be2 0-0 7. 0-0 c5 8. a3 Nc6 9. h3 Nd4 10. Be3 Nxf3+ 11. Bxf3 f4 12. Bd2 Be6 13. Nd5 g5 14. Nxe7+ Qxe7 15. b4 b6 16. Bc3 Qd7 17. bxc5 bxc5 18. Rb1 Rab8 19. Qe2 Kg7 20. Rb2 Rxb2 21. Qxb2 Kg6 22. Rb1 h5 23. Qb7 Rd8 24. Qxd7 Rxd7 25. Rb8 g4 26. hxg4 Bxg4 27. Bxg4 hxg4 28. a4 Kf7 29. a5 Ke7 30. a6 Ne8 31. Rb7 Ng7 32. Ba5 Ne6 33. Bb6 Nd8 34. Rxa7 Rxa7 35. Bxa7 Nc6 36. Bb6 Kd7 37. a7 Nxa7 38. Bxa7 Kc7 39. Kf1 Kb7 40. Bxc5 dxc5 41. Ke2 Kb6 42. Kd2 Ka5 43. Kc3 Ka4 44. Kc2 Kb4 45. Kb2 Ka4 46. Kc3 Ka3 47. Kc2 Kb4 1/2-1/2